000 03769nam a22002297a 4500
001 6543
003 FISKH
005 20250528092244.0
008 250508b cb ||||| |||| 00| 0 eng d
040 _aFISKH
_bkhr
_cFISKH
_dFISKH
082 _a920
100 _aSorin, Soun
245 _aព្រះអាទិត្យថ្មីរះលើដែនដីចាស់ /
_cរៀបរៀងដោយ សួន សុរិន្ទ
260 _aភ្នំពេញ :
_bរោងពុម្ពវិរិយ: ,
_c1961 .
300 _a150 pages :
_billustrations ;
_c20 cm .
520 _aរឿងនេះបន្ទាប់ការរត់តាមជីវិតរបស់សំ កសិករវ័យក្មេងម្នាក់ ដែលរស់នៅជាមួយភរិយារបស់គេឈ្មោះ សាយ។ ពួកគេចាកចេញពីភូមិដើម្បីរកជីវភាពកាន់តែល្អ ដោយចូលមករស់នៅទីក្រុងភ្នំពេញ។ នៅទីនោះ សំបានធ្វើការជាជាងបើកស៊ីក្លូ។ បន្ទាប់ពីត្រូវផាកពិន័យពីបទបំពានច្បាប់ចរាចរណ៍ ហើយគ្មានប្រាក់ដើម្បីបង់ពិន័យនោះ ពួកគេត្រូវបានដេញចេញពីបន្ទប់ជួល ហើយចូលទៅស្នាក់នៅព្រះវិហារជាបណ្តោះអាសន្ន។ បន្ទាប់មក សាយត្រូវបានផ្ញើទៅធ្វើការនៅផ្ទះជនមានសម្បត្តិម្នាក់ឈ្មោះលោក ហុក។ នៅយប់មួយ លោកហុកបានប្រព្រឹត្តអំពើទង្វើខុសលើនាង បណ្ដាលឲ្យនាងត្រូវបង្ខំចិត្តចាកចេញពីផ្ទះនោះ ហើយទៅសុំជម្រើសសុវត្ថិភាពជាមួយកម្មករផ្សេងទៀត។ បើទោះបីជាបានជួបប្រទះនឹងការរងទុក្ខនានា ក៏ដោយ សំនៅតែបន្តរក្សាភាពស្មោះត្រង់ និងយុត្តិធម៌។ និទាននេះបង្ហាញពីភាពលំបាករបស់ពលកម្ម និងស្មារតីមិនអន់ចិត្តរបស់ពួកគេក្នុងការរក្សាភាពមានតម្លៃ និងយុត្តិធម៌។
520 _aThe story follows Sam, a young farmer who, along with his wife Say, leaves their rural village due to poverty and moves to Phnom Penh to work as a cyclo driver. After being fined for a traffic violation and unable to pay the fine, they are evicted from their rented room. They find temporary shelter at a pagoda. Say is later sent to work in the house of a wealthy merchant, Mr. Hok. One night, he assaults her, leading her to leave his house and seek refuge with fellow workers. Despite the trauma, Sam remains committed to justice and integrity. The novel portrays the hardships faced by the working class and their unwavering spirit to uphold dignity and justice.tranlsate in khmer
650 _aព្រះអាទិត្យថ្មីរះលើផែនដីចាស់
_vនិទានខ្មែរសម័យទំនើប
650 _aPreah ah tit thmey ras le den dey chas
_vModern khmer fiction
942 _2ddc
_cKHB
_n0
999 _c6543
_d6543